[Event "GER-ch U25 op"]
[Site "Willingen"]
[Date "2009.06.05"]
[Round "8"]
[White "Neumair, Dorian"]
[Black "Rummer, Evi"]
[Result "0-1"]
[WhiteElo "1340"]
[BlackElo "1439"]
[PlyCount "148"]
[EventDate "2009.05.30"]
[EventType "swiss"]
[EventRounds "9"]
[EventCountry "GER"]
[SourceTitle "EXT 2010"]
[Source "ChessBase"]
[SourceDate "2010.11.25"]
[SourceVersion "1"]
[SourceVersionDate "2010.11.25"]
[SourceQuality "1"]

1. e4 e5 2. Bc4 Nf6 3. Nc3 Bc5 4. Nf3 d6 5. d3 0-0 6. Be3 Bxe3 7. fxe3 c6 8. 0-0 d5 9. exd5 cxd5 10. Bb3 Nc6 11. d4 e4 12. Ne5 Be6 13. h3 a6 14. Nxc6 bxc6 15. Na4 Nd7 16. Rc1 Qg5 17. Qe2 Bxh3 18. Kh2 Be6 19. Rh1 Nf6 20. Kg1 Bg4 21. Qf2 Bf3 22. Re1 Bg4 23. Nc3 Nd7 24. Ne2 c5 25. c3 c4 26. Ba4 Rab8 27. Qg3 h6 28. b3 Rb6 29. Nf4 Nf6 30. b4 a5 31. b5 Bd7 32. Qxg5 hxg5 33. Nh5 Nxh5 34. Rxh5 f6 35. Kf2 Bxb5 36. Bd1 Bd7 37. Reh1 Kf7 38. Rh7 Rg8 39. Bh5+ Ke7 40. Bd1 Bf5 41. Rh8 Rxh8 42. Rxh8 Rb2+ 43. Kg3 Rxa2 44. Ra8 Ra3 45. Kf2 Ra1 46. Bh5 g6 47. Ra7+ Kf8 48. Ra8+ Kg7 49. Be2 Ra2 50. Ke1 g4 51. Rd8 Be6 52. Rd6 Kf7 53. Ra6 f5 54. g3 Ra3 55. Kd2 Ra1 56. Ra7+ Kf6 57. Bd1 Ra2+ 58. Bc2 Ra1 59. Bd1 Bf7 60. Ra6+ Kg5 61. Ra7 Be8 62. Ra6 Ra2+ 63. Kc1 Rg2 64. Rxa5 Rxg3 65. Rxd5 Rxe3 66. Rd8 Rxc3+ 67. Kb2 Rd3 68. Bc2 Rd2 69. Rxe8 Rxd4 70. Kc3 Rd6 71. Kxc4 g3 72. Bxe4 fxe4 73. Rxe4 g2 74. Re1 Kg4 0-1

[Event "GER-ch U25 op"]
[Site "Willingen"]
[Date "2009.05.30"]
[Round "1"]
[White "Rummer, Evi"]
[Black "Thanabalasingam, Ajandhan"]
[Result "0-1"]
[WhiteElo "1439"]
[BlackElo "1926"]
[PlyCount "80"]
[EventDate "2009.05.30"]
[EventType "swiss"]
[EventRounds "9"]
[EventCountry "GER"]
[SourceTitle "EXT 2010"]
[Source "ChessBase"]
[SourceDate "2010.11.25"]
[SourceVersion "1"]
[SourceVersionDate "2010.11.25"]
[SourceQuality "1"]

1. e4 c5 2. Nf3 d6 3. Bc4 e6 4. Nc3 a6 5. a4 Nf6 6. d3 Be7 7. 0-0 0-0 8. Re1 Nc6 9. Ne2 d5 10. exd5 exd5 11. Bb3 Bg4 12. Ng3 Re8 13. c3 Qc7 14. h3 Bxf3 15. Qxf3 Ne5 16. Qf5 g6 17. Qxe5 Bd6 18. Qxf6 Rxe1+ 19. Kh2 Be5 20. Qf3 c4 21. Bc2 Re8 22. Qxd5 Re2 23. d4 Bd6 24. Qf3 Rxc2 25. Bh6 Ree2 26. Rg1 Rxf2 27. Qe4 Bxg3+ 28. Kh1 Qd7 29. Re1 Qe6 30. Qxe6 fxe6 31. d5 exd5 32. Re8+ Kf7 33. Rf8+ Ke7 34. Rxf2 Rxf2 35. Be3 Rf1+ 36. Bg1 h5 37. a5 h4 38. b3 Bf2 39. g3 Rxg1+ 40. Kh2 hxg3# 0-1

[Event "GER-ch op U25"]
[Site "Willingen"]
[Date "2006.06.09"]
[Round "9"]
[White "Tiemann, Tobias"]
[Black "Rummer, Evi"]
[Result "0-1"]
[WhiteElo "989"]
[BlackElo "1530"]
[PlyCount "30"]
[EventDate "2006.06.04"]
[EventType "swiss"]
[EventRounds "9"]
[EventCountry "GER"]
[SourceTitle "EXT 2007"]
[Source "ChessBase"]
[SourceDate "2006.11.23"]
[SourceVersion "1"]
[SourceVersionDate "2006.11.23"]
[SourceQuality "1"]

1. Nc3 Nf6 2. e4 e5 3. Nf3 Nc6 4. Bb5 Bc5 5. 0-0 d6 6. d4 exd4 7. Nxd4 Bd7 8. Nxc6 bxc6 9. Bc4 0-0 10. Kh1 Ng4 11. Qd2 Qh4 12. h3 Nxf2+ 13. Kh2 Bxh3 14. Rxf2 Bxf2 15. Qf4 Bg4# 0-1

[Event "GER-ch op U25"]
[Site "Willingen"]
[Date "2006.06.08"]
[Round "8"]
[White "Rummer, Evi"]
[Black "Klebanov, Andrej"]
[Result "0-1"]
[WhiteElo "1530"]
[BlackElo "1758"]
[PlyCount "124"]
[EventDate "2006.06.04"]
[EventType "swiss"]
[EventRounds "9"]
[EventCountry "GER"]
[SourceTitle "EXT 2007"]
[Source "ChessBase"]
[SourceDate "2006.11.23"]
[SourceVersion "1"]
[SourceVersionDate "2006.11.23"]
[SourceQuality "1"]

1. e4 e6 2. d4 d5 3. e5 c5 4. Nf3 Nc6 5. c3 Qb6 6. Be2 Nh6 7. 0-0 cxd4 8. cxd4 Nf5 9. b3 Nfxd4 10. Be3 Nxf3+ 11. Bxf3 Qc7 12. Bf4 Nxe5 13. Bxd5 exd5 14. Bxe5 Qxe5 15. Re1 Bd6 16. Nc3 0-0 17. Rxe5 Bxe5 18. Rc1 Be6 19. Nb5 Rfc8 20. Rxc8+ Rxc8 21. Nxa7 Rc5 22. g3 Ra5 23. Qe1 Bc7 24. Qc3 Bd8 25. Nc8 Ra6 26. Qe5 h6 27. Qb8 Kh7 28. Ne7 Bxe7 29. Qxb7 Rd6 30. Qxe7 Rd7 31. Qb4 d4 32. Qd2 d3 33. f4 Bf5 34. a4 Rc7 35. Qa5 Rc1+ 36. Kf2 Rc2+ 37. Ke3 Re2+ 38. Kd4 Be4 39. Qb5 f5 40. h3 Rg2 41. Kc3 Rc2+ 42. Kd4 d2 43. Qe2 Rc8 44. Qxd2 Rd8+ 45. Ke3 Rxd2 46. Kxd2 Kg6 47. b4 Kf6 48. Kc3 Ke6 49. Kd4 Kd6 50. b5 Bg2 51. h4 Bf1 52. b6 Ba6 53. a5 Bb7 54. Kc4 Ba6+ 55. Kd4 h5 56. Kc3 Kc5 57. Kd2 Kb5 58. Ke3 Kxa5 59. Kd4 Kxb6 60. Ke5 g6 61. Kf6 Be2 62. Ke6 Kc5 0-1

[Event "GER-chT U20 Girls"]
[Site "Naunhof"]
[Date "2005.12.28"]
[Round "3.2"]
[White "Rummer, Evi"]
[Black "Aulbert, Julia"]
[Result "1-0"]
[WhiteElo "1453"]
[BlackElo "1351"]
[PlyCount "47"]
[EventDate "2005.12.27"]
[EventType "team-swiss"]
[EventRounds "7"]
[EventCountry "GER"]
[SourceTitle "CBM 110 Extra"]
[Source "ChessBase"]
[SourceDate "2006.03.10"]
[SourceVersion "2"]
[SourceVersionDate "2006.03.10"]
[SourceQuality "1"]

1. e4 c5 2. Nf3 Nc6 3. Bc4 Nf6 4. d3 g6 5. 0-0 Bg7 6. Nc3 d6 7. h3 0-0 8. Re1 Nd7 9. Be3 Nde5 10. Nxe5 Nxe5 11. Bb3 Bd7 12. Rb1 Qc8 13. Nd5 Re8 14. Bg5 Nc6 15. Qd2 Be6 16. c3 Bxd5 17. exd5 Ne5 18. Bd1 Qf5 19. Be2 b5 20. c4 bxc4 21. dxc4 Rab8 22. b3 Rb7 23. f4 Nd7 24. Bg4 1-0